[Event "Patrimonio de la Humanidad op 1st"]
[Site "Alcala de Henares"]
[Date "2006.10.13"]
[Round "7"]
[White "Moradiabadi, Elshan"]
[Black "Hernandez, Holden"]
[Result "1/2-1/2"]
[WhiteElo "2539"]
[BlackElo "2524"]
[PlyCount "85"]
[EventDate "2006.10.07"]
[EventType "swiss"]
[EventRounds "9"]
[EventCountry "ESP"]
[Source "ChessBase"]
[SourceDate "2006.11.01"]

1. d4 Nf6 2. c4 e6 3. Nf3 b6 4. g3 Bb7 5. Bg2 Be7 6. Nc3 O-O 7. O-O Ne4 8. Bd2
f5 9. Re1 Bf6 10. Qc2 Nxc3 11. Bxc3 Be4 12. Qa4 d6 13. Rad1 Qe8 14. Qxe8 Rxe8
15. Bh3 Bxf3 16. exf3 Nd7 17. f4 Rac8 18. Re3 Kf7 19. Rde1 g6 20. Bg2 c5 21.
dxc5 Bxc3 22. Rxc3 dxc5 23. Ra3 Rc7 24. Bf3 Nf6 25. Rd1 Ke7 26. Re3 Kf7 27. Rd6
Ree7 28. Re2 Rcd7 29. Rc6 Ne8 30. h4 Rd8 31. a4 Nd6 32. a5 Nxc4 33. axb6 axb6
34. Rc2 Nd2 35. Bg2 e5 36. fxe5 Rxe5 37. Rxb6 Re1+ 38. Kh2 c4 39. Rc3 Re2 40.
Ra3 Rd7 41. Kg1 Re1+ 42. Kh2 Re2 43. Kg1 1/2-1/2

[Event "Wch U20"]
[Site "Yerevan"]
[Date "2006.10.12"]
[Round "9"]
[White "Pashikian, Arman"]
[Black "Vitiugov, Nikita"]
[Result "0-1"]
[WhiteElo "2527"]
[BlackElo "2596"]
[PlyCount "152"]
[EventDate "2006.10.03"]
[EventType "swiss"]
[EventRounds "13"]
[EventCountry "ARM"]
[Source "ChessBase"]
[SourceDate "2006.11.01"]

1. d4 Nf6 2. c4 e6 3. Nf3 b6 4. g3 Bb7 5. Bg2 Bb4+ 6. Bd2 Bxd2+ 7. Qxd2 O-O 8.
Nc3 d6 9. O-O a5 10. Qc2 Re8 11. a3 Nbd7 12. e4 e5 13. d5 a4 14. Nd2 Nc5 15.
Rae1 h5 16. f4 h4 17. Qd1 hxg3 18. hxg3 g6 19. Qf3 Kg7 20. fxe5 dxe5 21. Nb5
Ncd7 22. d6 cxd6 23. Nxd6 Rf8 24. Nxb7 Qc7 25. Bh3 Qxb7 26. Bxd7 Nxd7 27. Qg4
Rae8 28. Rf2 Nc5 29. Qf3 Qe7 30. Nf1 f5 31. exf5 Rxf5 32. Qe3 Rxf2 33. Kxf2
Qf7+ 34. Kg1 Qxc4 35. Nd2 Qc2 36. Ne4 Nxe4 37. Qxe4 Qc5+ 38. Kg2 b5 39. g4 Qe7
40. Re2 Qg5 41. Re3 Re7 42. Kg3 Qf6 43. Kg2 Qd6 44. Kg3 Qd1 45. Kg2 Qc1 46. Re2
Kh6 47. Rf2 Kh7 48. Kg3 Qg1+ 49. Rg2 Qd4 50. Re2 Qd6 51. Rh2+ Kg7 52. Re2 Qc5
53. Kg2 Qc1 54. Rf2 Qc4 55. Re2 Qxe4+ 56. Rxe4 Kf6 57. Rb4 Kg5 58. Re4 Kh4 59.
Kf3 g5 60. Ke3 Kg3 61. Rb4 Rb7 62. Re4 Re7 63. Rb4 Rf7 64. Rxb5 Rf3+ 65. Ke2
Kf4 66. Rxe5 Rb3 67. Ra5 Rxb2+ 68. Kf1 Kxg4 69. Rxa4+ Kh3 70. Ra8 g4 71. a4
Rb1+ 72. Ke2 g3 73. a5 Rb2+ 74. Kf3 Rb3+ 75. Ke2 g2 76. Rh8+ Kg3 0-1

[Event "Veselin Boskovic mem op 7th"]
[Site "Beograd"]
[Date "2006.10.07"]
[Round "6"]
[White "Abramovic, Bosko"]
[Black "Romanishin, Oleg M"]
[Result "1/2-1/2"]
[WhiteElo "2524"]
[BlackElo "2542"]
[PlyCount "48"]
[EventDate "2006.10.02"]
[EventType "swiss"]
[EventRounds "9"]
[EventCountry "YUG"]
[Source "ChessBase"]
[SourceDate "2006.11.01"]

1. d4 Nf6 2. c4 e6 3. Nf3 b6 4. g3 Bb4+ 5. Bd2 Be7 6. Bg2 Bb7 7. Nc3 O-O 8. O-O
Na6 9. Rc1 Re8 10. Bf4 Ne4 11. Nxe4 Bxe4 12. Qa4 Qc8 13. Rfd1 c5 14. Ne1 Bxg2
15. Nxg2 cxd4 16. Be5 Nc5 17. Qc2 Qb7 18. Bxd4 Rac8 19. b3 Red8 20. Qb2 f6 21.
Nf4 Ne4 22. f3 Ng5 23. Ng2 h5 24. h4 Nh7 1/2-1/2

[Event "Corporacion del Sur-A"]
[Site "Buenos Aires"]
[Date "2006.10.13"]
[Round "11"]
[White "Ricardi, Pablo"]
[Black "Hellsten, Johan"]
[Result "1/2-1/2"]
[WhiteElo "2504"]
[BlackElo "2592"]
[PlyCount "25"]
[EventDate "2006.10.02"]
[EventType "tourn"]
[EventRounds "11"]
[EventCountry "ARG"]
[EventCategory "10"]
[Source "ChessBase"]
[SourceDate "2006.11.01"]

1. d4 Nf6 2. c4 e6 3. Nf3 b6 4. e3 Ba6 5. b3 Bb7 6. Be2 Bb4+ 7. Bd2 a5 8. O-O
O-O 9. Nc3 d6 10. Qc2 Nbd7 11. Rad1 Bxc3 12. Bxc3 Be4 13. Qb2 1/2-1/2

[Event "SCG-ch playoff"]
[Site "Kraljevo"]
[Date "2006.10.02"]
[Round "2"]
[White "Damljanovic, Branko"]
[Black "Pikula, Dejan"]
[Result "1-0"]
[WhiteElo "2595"]
[BlackElo "2542"]
[PlyCount "65"]
[EventDate "2006.10.01"]
[EventType "match"]
[EventRounds "4"]
[EventCountry "YUG"]
[Source "ChessBase"]
[SourceDate "2006.11.01"]

1. d4 Nf6 2. Nf3 e6 3. c4 b6 4. g3 Ba6 5. b3 Bb7 6. Bg2 Bb4+ 7. Bd2 a5 8. O-O
O-O 9. Nc3 Ne4 10. Nxe4 Bxe4 11. Bf4 Ba3 12. Qd2 Na6 13. d5 Qe7 14. Rad1 d6 15.
dxe6 fxe6 16. Qe3 Bb7 17. Ne1 Bxg2 18. Kxg2 Bb2 19. Bg5 Qe8 20. Qe4 a4 21. Nd3
Nc5 22. Nxc5 bxc5 23. Rb1 axb3 24. Rxb2 bxa2 25. Ra1 Qf7 26. Be3 d5 27. Qe5 d4
28. Bf4 h6 29. h4 Ra4 30. Rbxa2 Rxc4 31. Ra8 Rxa8 32. Rxa8+ Kh7 33. Rc8 1-0

[Event "SCG-ch playoff"]
[Site "Kraljevo"]
[Date "2006.10.04"]
[Round "4"]
[White "Damljanovic, Branko"]
[Black "Pikula, Dejan"]
[Result "1/2-1/2"]
[WhiteElo "2595"]
[BlackElo "2542"]
[PlyCount "199"]
[EventDate "2006.10.01"]
[EventType "match"]
[EventRounds "4"]
[EventCountry "YUG"]
[Source "ChessBase"]
[SourceDate "2006.11.01"]

1. d4 Nf6 2. Nf3 e6 3. c4 b6 4. g3 Ba6 5. b3 Bb7 6. Bg2 Bb4+ 7. Bd2 a5 8. O-O
O-O 9. Qc2 d6 10. Re1 c5 11. e4 e5 12. d5 Bxd2 13. Nfxd2 g6 14. Nc3 Nh5 15. Rf1
Nd7 16. Bh3 Bc8 17. Nb5 Qe7 18. Rae1 a4 19. bxa4 Ndf6 20. Bxc8 Rfxc8 21. Nb1
Nd7 22. N1c3 Rf8 23. f4 exf4 24. g4 Qg5 25. Qg2 Nhf6 26. Nxd6 Ne5 27. h3 f3 28.
Rxf3 Nxf3+ 29. Qxf3 Qe5 30. Ndb5 h5 31. Kg2 hxg4 32. hxg4 Kg7 33. Qg3 Nd7 34.
Nd6 Rfd8 35. Rb1 Rab8 36. Ncb5 Rh8 37. Nc7 Qxg3+ 38. Kxg3 g5 39. Rf1 f6 40.
Ne6+ Kg6 41. Nf5 Rh7 42. a5 bxa5 43. e5 Nxe5 44. d6 Kf7 45. Nxc5 Rbh8 46. Rb1
Rh3+ 47. Kf2 Nxg4+ 48. Ke2 Rh2+ 49. Kf3 Ne5+ 50. Ke4 Re2+ 51. Kd4 Rh3 52. Rb7+
Kg6 53. Ne7+ Kh5 54. Kd5 Rd2+ 55. Ke6 Nxc4 56. Nf5 Nxd6 57. Nxd6 Re3+ 58. Nde4
Kg6 59. Rf7 Rf2 60. Rf8 Rf4 61. Kd5 g4 62. Kd4 Rexe4+ 63. Nxe4 f5 64. Rf6+ Kh5
65. Ke5 Rxe4+ 66. Kxf5 Re2 67. Ra6 Rf2+ 68. Ke4 Rxa2 69. Kf4 Ra4+ 70. Kg3 Ra3+
71. Kg2 Kh4 72. Rh6+ Kg5 73. Rh8 Kf4 74. Rf8+ Ke4 75. Rg8 Kf5 76. Rf8+ Ke5 77.
Rg8 g3 78. Rd8 a4 79. Ra8 Kd5 80. Kh3 Kc5 81. Kg2 Kb5 82. Rb8+ Kc4 83. Ra8 Kb4
84. Rb8+ Kc3 85. Rc8+ Kb2 86. Ra8 Kc2 87. Ra7 Kb2 88. Ra8 Ra1 89. Kxg3 Rg1+ 90.
Kf3 a3 91. Rb8+ Ka1 92. Ke3 Rb1 93. Rh8 a2 94. Kd3 Kb2 95. Rb8+ Kc1 96. Rc8+
Kd1 97. Rh8 Ke1 98. Rh1+ Kf2 99. Rh2+ Kg3 100. Rxa2 1/2-1/2

[Event "GRE-chT Cup"]
[Site "Athens"]
[Date "2006.10.01"]
[Round "4.1"]
[White "Nielsen, Peter Heine"]
[Black "Nikolaidis, Ioannis"]
[Result "1-0"]
[WhiteElo "2640"]
[BlackElo "2536"]
[PlyCount "91"]
[EventDate "2006.09.30"]
[EventType "team"]
[EventRounds "5"]
[EventCountry "GRE"]
[Source "ChessBase"]
[SourceDate "2006.11.01"]
[WhiteTeam "Athens"]
[BlackTeam "Khania Kydon"]
[WhiteTeamCountry "GRE"]
[BlackTeamCountry "GRE"]

1. d4 Nf6 2. c4 e6 3. Nf3 b6 4. g3 Bb7 5. Bg2 Bb4+ 6. Bd2 Bxd2+ 7. Qxd2 d6 8.
Nc3 Nbd7 9. d5 O-O 10. Nd4 e5 11. Nc6 Bxc6 12. dxc6 Nc5 13. b4 Ne6 14. O-O a5
15. a3 Nd4 16. Rab1 axb4 17. axb4 Qe8 18. e3 Nxc6 19. b5 Na5 20. Bxa8 Qxa8 21.
Nd5 Nxc4 22. Nxf6+ gxf6 23. Qd3 d5 24. e4 Nd6 25. exd5 Re8 26. Rfc1 Re7 27. Ra1
Qc8 28. Ra7 Kg7 29. Rc6 e4 30. Qc3 Qe8 31. Rcxc7 Rxc7 32. Rxc7 Qxb5 33. Qd2
Qb1+ 34. Rc1 Qb3 35. Qd4 b5 36. Rc6 Qa3 37. Qc3 Qxc3 38. Rxc3 Kf8 39. Rc7 Ke8
40. Kf1 Kd8 41. Ra7 f5 42. Ke2 b4 43. Ra4 b3 44. Rb4 Ke7 45. Ke3 b2 46. Kd4 1-0

[Event "Bygger'n Masters"]
[Site "Gausdal"]
[Date "2006.10.01"]
[Round "8"]
[White "Levin, Felix"]
[Black "Rozentalis, Eduardas"]
[Result "1/2-1/2"]
[WhiteElo "2500"]
[BlackElo "2605"]
[PlyCount "24"]
[EventDate "2006.09.24"]
[EventType "swiss"]
[EventRounds "9"]
[EventCountry "NOR"]
[Source "ChessBase"]
[SourceDate "2006.11.01"]

1. d4 Nf6 2. c4 e6 3. Nf3 b6 4. g3 Bb7 5. Bg2 Be7 6. O-O O-O 7. Nc3 Ne4 8. Nxe4
Bxe4 9. Ne1 Bxg2 10. Nxg2 d5 11. Qa4 Qd7 12. Qxd7 Nxd7 1/2-1/2

[Event "CRO-chT 15th"]
[Site "Sibenik"]
[Date "2006.09.23"]
[Round "2"]
[White "Kozul, Zdenko"]
[Black "Sax, Gyula"]
[Result "1/2-1/2"]
[WhiteElo "2593"]
[BlackElo "2545"]
[PlyCount "30"]
[EventDate "2006.09.22"]
[EventType "team"]
[EventRounds "11"]
[EventCountry "CRO"]
[Source "ChessBase"]
[SourceDate "2006.11.01"]

1. d4 Nf6 2. Nf3 e6 3. c4 b6 4. Nc3 Bb7 5. a3 d5 6. cxd5 Nxd5 7. Qc2 Nxc3 8.
Qxc3 h6 9. e3 Be7 10. Bb5+ c6 11. Ba4 O-O 12. O-O c5 13. Rd1 Bf6 14. Qd3 Nc6
15. Bc2 g6 1/2-1/2

[Event "CRO-chT 15th"]
[Site "Sibenik"]
[Date "2006.09.24"]
[Round "3"]
[White "Gyimesi, Zoltan"]
[Black "Delchev, Aleksander"]
[Result "1/2-1/2"]
[WhiteElo "2616"]
[BlackElo "2637"]
[PlyCount "79"]
[EventDate "2006.09.22"]
[EventType "team"]
[EventRounds "11"]
[EventCountry "CRO"]
[Source "ChessBase"]
[SourceDate "2006.11.01"]

1. d4 Nf6 2. c4 e6 3. Nf3 b6 4. g3 Bb7 5. Bg2 Be7 6. O-O O-O 7. Re1 Na6 8. Ne5
Qc8 9. e4 Bb4 10. Bd2 c5 11. d5 exd5 12. exd5 Bxd2 13. Qxd2 Nb8 14. Nc3 d6 15.
Nd3 Ba6 16. Qf4 Qc7 17. Ne4 Ne8 18. b3 Nd7 19. a4 Ndf6 20. Nc3 Qd7 21. b4 Nc7
22. b5 Bb7 23. a5 Rae8 24. a6 Bc8 25. Rad1 Rxe1+ 26. Rxe1 Re8 27. Re3 h6 28. h3
Rxe3 29. Qxe3 Kf8 30. f4 Qe7 31. Qxe7+ Kxe7 32. g4 h5 33. g5 Nfe8 34. h4 g6 35.
Nd1 Ng7 36. Ne3 Nf5 37. Nxf5+ Bxf5 38. Nf2 Ne8 39. Nd1 Ng7 40. Ne3 1/2-1/2

[Event "CRO-chT 15th"]
[Site "Sibenik"]
[Date "2006.09.25"]
[Round "4"]
[White "Ruck, Robert"]
[Black "Sax, Gyula"]
[Result "1-0"]
[WhiteElo "2523"]
[BlackElo "2545"]
[PlyCount "87"]
[EventDate "2006.09.22"]
[EventType "team"]
[EventRounds "11"]
[EventCountry "CRO"]
[Source "ChessBase"]
[SourceDate "2006.11.01"]

1. d4 Nf6 2. c4 e6 3. Nf3 b6 4. a3 Bb7 5. Nc3 d5 6. cxd5 Nxd5 7. Qc2 Nxc3 8.
bxc3 Be7 9. e4 O-O 10. Bd3 c5 11. O-O Qc7 12. Qe2 Nd7 13. Bb2 Rac8 14. Nd2 Bg5
15. Nf3 Be7 16. Rad1 Rfd8 17. Nd2 Bg5 18. g3 Bxd2 19. Rxd2 e5 20. Bb5 c4 21.
Rfd1 a6 22. Bxd7 Rxd7 23. f3 h6 24. Bc1 b5 25. dxe5 Rxd2 26. Qxd2 Qxe5 27. Qd7
Qc7 28. Qxc7 Rxc7 29. Rd8+ Kh7 30. Bf4 Re7 31. g4 Bc6 32. Rd6 Bb7 33. Kf2 Bc8
34. Rc6 Bb7 35. Rb6 Rd7 36. Be3 Kg8 37. Bd4 f6 38. Ke3 Kf7 39. h4 Ke7 40. g5
fxg5 41. hxg5 hxg5 42. Rg6 Kf8 43. Rxg5 Kg8 44. f4 1-0

[Event "CRO-chT 15th"]
[Site "Sibenik"]
[Date "2006.09.27"]
[Round "6"]
[White "Gyimesi, Zoltan"]
[Black "Nisipeanu, Liviu Dieter"]
[Result "1/2-1/2"]
[WhiteElo "2616"]
[BlackElo "2696"]
[PlyCount "24"]
[EventDate "2006.09.22"]
[EventType "team"]
[EventRounds "11"]
[EventCountry "CRO"]
[Source "ChessBase"]
[SourceDate "2006.11.01"]

1. d4 Nf6 2. c4 e6 3. Nf3 b6 4. g3 Ba6 5. Qa4 Be7 6. Bg2 O-O 7. Nc3 Qe8 8. Bf4
d5 9. Qxe8 Rxe8 10. cxd5 Nxd5 11. Nxd5 exd5 12. O-O Nd7 1/2-1/2

[Event "CRO-chT 15th"]
[Site "Sibenik"]
[Date "2006.09.27"]
[Round "6"]
[White "Hracek, Zbynek"]
[Black "Sax, Gyula"]
[Result "1/2-1/2"]
[WhiteElo "2605"]
[BlackElo "2545"]
[PlyCount "54"]
[EventDate "2006.09.22"]
[EventType "team"]
[EventRounds "11"]
[EventCountry "CRO"]
[Source "ChessBase"]
[SourceDate "2006.11.01"]

1. d4 Nf6 2. c4 e6 3. Nf3 b6 4. g3 Ba6 5. b3 Bb4+ 6. Bd2 Be7 7. Bg2 c6 8. Bc3
d5 9. Ne5 Nfd7 10. Nxd7 Nxd7 11. Nd2 O-O 12. O-O Rb8 13. Bb2 Nf6 14. e4 c5 15.
exd5 exd5 16. Re1 dxc4 17. Nxc4 Bxc4 18. bxc4 cxd4 19. Qxd4 Qxd4 20. Bxd4 Bb4
21. Red1 Rbc8 22. Bxf6 gxf6 23. Rab1 Bc5 24. Rd7 Rfd8 25. Rbd1 Rxd7 26. Rxd7
Re8 27. Kf1 Re7 1/2-1/2

[Event "CRO-chT 15th"]
[Site "Sibenik"]
[Date "2006.09.28"]
[Round "7"]
[White "Horvath, Csaba"]
[Black "Ribli, Zoltan"]
[Result "1/2-1/2"]
[WhiteElo "2534"]
[BlackElo "2589"]
[PlyCount "26"]
[EventDate "2006.09.22"]
[EventType "team"]
[EventRounds "11"]
[EventCountry "CRO"]
[Source "ChessBase"]
[SourceDate "2006.11.01"]

1. Nf3 Nf6 2. d4 e6 3. c4 b6 4. g3 Bb7 5. Bg2 Be7 6. O-O O-O 7. Nc3 Ne4 8. Qc2
Nxc3 9. Qxc3 c5 10. b3 Bf6 11. Bb2 cxd4 12. Nxd4 Bxg2 13. Kxg2 Nc6 1/2-1/2

[Event "CRO-chT 15th"]
[Site "Sibenik"]
[Date "2006.09.29"]
[Round "8"]
[White "Gyimesi, Zoltan"]
[Black "Cvitan, Ognjen"]
[Result "1-0"]
[WhiteElo "2616"]
[BlackElo "2539"]
[PlyCount "73"]
[EventDate "2006.09.22"]
[EventType "team"]
[EventRounds "11"]
[EventCountry "CRO"]
[Source "ChessBase"]
[SourceDate "2006.11.01"]

1. d4 Nf6 2. c4 e6 3. Nf3 b6 4. g3 Ba6 5. Qb3 Nc6 6. Nbd2 d5 7. Bg2 Bd6 8. cxd5
exd5 9. Qa4 Bb7 10. Nc4 dxc4 11. Ne5 Bxe5 12. Bxc6+ Bxc6 13. Qxc6+ Kf8 14. dxe5
Qd5 15. Qxd5 Nxd5 16. Bd2 c5 17. O-O-O Nc7 18. e4 h6 19. Kc2 Ne6 20. Kc3 Ng5
21. Bxg5 hxg5 22. Rd7 g4 23. f4 gxf3 24. Rf1 Re8 25. Rxf3 Re7 26. e6 Rxd7 27.
exd7 Ke7 28. Kxc4 Kxd7 29. Rxf7+ Kc6 30. h4 b5+ 31. Kc3 Re8 32. Rxg7 Rxe4 33.
h5 Re2 34. h6 Rh2 35. h7 a5 36. g4 Rh3+ 37. Kd2 1-0

[Event "CRO-chT 15th"]
[Site "Sibenik"]
[Date "2006.09.30"]
[Round "9"]
[White "Cvitan, Ognjen"]
[Black "Markus, Robert"]
[Result "1/2-1/2"]
[WhiteElo "2539"]
[BlackElo "2586"]
[PlyCount "20"]
[EventDate "2006.09.22"]
[EventType "team"]
[EventRounds "11"]
[EventCountry "CRO"]
[Source "ChessBase"]
[SourceDate "2006.11.01"]

1. d4 Nf6 2. c4 e6 3. Nf3 b6 4. g3 Bb7 5. Bg2 Be7 6. Nc3 Ne4 7. Bd2 Bf6 8. Qc2
Nxd2 9. Qxd2 d6 10. O-O O-O 1/2-1/2

[Event "Lausanne Masters 7th"]
[Site "Lausanne"]
[Date "2006.09.18"]
[Round "3.4"]
[White "Koneru, Humpy"]
[Black "Wojtaszek, Radoslaw"]
[Result "0-1"]
[WhiteElo "2545"]
[BlackElo "2622"]
[PlyCount "66"]
[EventDate "2006.09.13"]
[EventType "k.o."]
[EventRounds "3"]
[EventCountry "SUI"]
[Source "ChessBase"]
[SourceDate "2006.11.01"]

1. d4 Nf6 2. c4 e6 3. Nf3 b6 4. a3 c5 5. d5 Ba6 6. Qc2 exd5 7. cxd5 g6 8. Nc3
Bg7 9. g3 O-O 10. Bg2 d6 11. O-O Nbd7 12. Bf4 Qe7 13. Rfe1 Rfe8 14. h3 Ne4 15.
Nxe4 Qxe4 16. Qxe4 Rxe4 17. Bxd6 Bxb2 18. Ra2 Bc3 19. Rc1 Bg7 20. e3 Ree8 21.
Bf4 Nf6 22. Nd2 Rad8 23. e4 Bd3 24. Bg5 h6 25. Bxf6 Bxf6 26. a4 Bd4 27. Rd1 f5
28. exf5 Re2 29. fxg6 Rxf2 30. Kh1 Bxg6 31. Rf1 Rxf1+ 32. Nxf1 c4 33. Rd2 Bc5
0-1

[Event "Kostic mem 14th"]
[Site "Vrsac"]
[Date "2006.09.16"]
[Round "5"]
[White "Markus, Robert"]
[Black "Spraggett, Kevin"]
[Result "1-0"]
[WhiteElo "2586"]
[BlackElo "2577"]
[PlyCount "55"]
[EventDate "2006.09.12"]
[EventType "tourn"]
[EventRounds "9"]
[EventCountry "YUG"]
[EventCategory "13"]
[Source "ChessBase"]
[SourceDate "2006.11.01"]

1. d4 Nf6 2. c4 e6 3. Nf3 b6 4. g3 Ba6 5. b3 Bb4+ 6. Bd2 Be7 7. Bg2 d5 8. cxd5
exd5 9. O-O O-O 10. Nc3 Bb7 11. Bc1 Re8 12. Bb2 Nbd7 13. Qc2 Nf8 14. Rac1 Ne6
15. Rfd1 Bf8 16. e3 a6 17. Ne5 Rc8 18. Ne2 c6 19. Qf5 g6 20. Qb1 Bd6 21. Rc2
Qe7 22. Qc1 c5 23. dxc5 Nxc5 24. Nd3 Nce4 25. Bd4 Nd7 26. Ndf4 Ndc5 27. b4 Nd7
28. Nxd5 1-0

[Event "Mitropa Cup"]
[Site "Brno"]
[Date "2006.09.14"]
[Round "8.4"]
[White "Erdos, Viktor"]
[Black "Cvek, Robert"]
[Result "1-0"]
[WhiteElo "2528"]
[BlackElo "2509"]
[PlyCount "99"]
[EventDate "2006.09.07"]
[EventType "team"]
[EventRounds "9"]
[EventCountry "CZE"]
[Source "ChessBase"]
[SourceDate "2006.11.01"]
[WhiteTeam "HUN"]
[BlackTeam "CZE"]
[WhiteTeamCountry "HUN"]
[BlackTeamCountry "CZE"]

1. d4 Nf6 2. c4 e6 3. Nf3 b6 4. Nc3 Bb4 5. Bg5 Bb7 6. Nd2 h6 7. Bh4 Bxc3 8.
bxc3 d6 9. f3 Nbd7 10. e4 e5 11. Be2 Nf8 12. O-O Ne6 13. Bf2 O-O 14. Re1 Nd7
15. Bf1 Qf6 16. Nb3 a5 17. Rb1 Ba6 18. Na1 Qg6 19. Nc2 f5 20. exf5 Qxf5 21. Bg3
exd4 22. Nxd4 Nxd4 23. cxd4 Qf6 24. Bf2 Qf7 25. Qc2 Rfe8 26. Bd3 Rxe1+ 27. Bxe1
Qf4 28. Bf2 Re8 29. Rd1 Nf8 30. Be4 Kh8 31. c5 bxc5 32. dxc5 Bb5 33. cxd6 cxd6
34. Qc3 a4 35. a3 Qe5 36. Qd2 Ne6 37. Qxd6 Qb2 38. h4 Bc4 39. Qc6 Bb5 40. Qd5
Qe2 41. Re1 Qc4 42. Qxc4 Bxc4 43. Bc6 Rd8 44. Re4 Bb3 45. Bxa4 Rd1+ 46. Kh2
Bxa4 47. Rxa4 Rd2 48. Kg3 Kh7 49. Re4 Nd8 50. Rd4 1-0

[Event "Nuremberg LGA Cup 3rd"]
[Site "Nuremberg"]
[Date "2006.09.10"]
[Round "7.4"]
[White "Gofshtein, Leonid D"]
[Black "Brodsky, Michail"]
[Result "1/2-1/2"]
[WhiteElo "2521"]
[BlackElo "2571"]
[PlyCount "31"]
[EventDate "2006.09.07"]
[EventType "swiss"]
[EventRounds "7"]
[EventCountry "GER"]
[Source "ChessBase"]
[SourceDate "2006.11.01"]

1. d4 Nf6 2. c4 e6 3. Nf3 b6 4. a3 Bb7 5. Nc3 d5 6. Qc2 Be7 7. cxd5 Nxd5 8. e4
Nxc3 9. bxc3 O-O 10. Bd3 c5 11. O-O Qc7 12. Qe2 Nd7 13. Re1 Bd8 14. h4 Rc8 15.
h5 h6 16. Be3 1/2-1/2

[Event "Wch Blitz"]
[Site "Rishon Le Ziyyon"]
[Date "2006.09.07"]
[Round "1"]
[White "Gurevich, Dmitry"]
[Black "Anand, Viswanathan"]
[Result "0-1"]
[WhiteElo "2507"]
[BlackElo "2779"]
[PlyCount "146"]
[EventDate "2006.09.07"]
[EventType "tourn (blitz)"]
[EventRounds "15"]
[EventCountry "ISR"]
[EventCategory "16"]
[Source "ChessBase"]
[SourceDate "2006.11.01"]

1. d4 Nf6 2. Nf3 e6 3. c4 b6 4. g3 Ba6 5. b3 Bb7 6. Bg2 Bb4+ 7. Bd2 a5 8. O-O
O-O 9. Qc2 h6 10. Bf4 Na6 11. Nc3 Re8 12. Rfd1 d6 13. Na4 Ba3 14. Bc1 Nb4 15.
Qd2 Ne4 16. Qf4 Bxc1 17. Rdxc1 Rb8 18. a3 Na6 19. Nc3 Nxc3 20. Rxc3 Qe7 21. Qd2
e5 22. d5 Bc8 23. Qc2 Bd7 24. Rb1 f5 25. b4 Qf6 26. Nd2 e4 27. Nf1 Re7 28. Qd2
Rf8 29. Rcc1 axb4 30. axb4 Bc8 31. Qc3 Qf7 32. Nd2 Nb8 33. Nb3 Nd7 34. Nd4 Ne5
35. Nc6 Nxc6 36. dxc6 f4 37. c5 bxc5 38. bxc5 d5 39. Qd4 Be6 40. Rb7 Qh5 41.
Re1 Qe8 42. Qa4 Ref7 43. Rf1 f3 44. exf3 exf3 45. Bh1 Bh3 46. Ra1 Qe4 47. Qa5
Re7 48. Rbb1 Qf5 49. Qc3 g5 50. Re1 Re4 51. Rxe4 dxe4 52. Rd1 Qf6 53. Qe3 Qxc6
54. Qd4 Re8 55. Re1 Kf7 56. Qc4+ Re6 57. Qc2 Qd5 58. Qc1 Bf5 59. Rd1 Qe5 60.
Re1 Qf6 61. Qe3 g4 62. h4 Re5 63. Kh2 Rd5 64. Rc1 Rd3 65. Qf4 c6 66. Qc7+ Kg6
67. Qf4 e3 68. h5+ Kg7 69. Rb1 exf2 70. Rb7+ Rd7 71. Rxd7+ Bxd7 72. Qc1 Qe5 73.
Qd2 Qxh5# 0-1

[Event "Wch Blitz"]
[Site "Rishon Le Ziyyon"]
[Date "2006.09.07"]
[Round "8"]
[White "Gelfand, Boris"]
[Black "Roiz, Michael"]
[Result "1-0"]
[WhiteElo "2729"]
[BlackElo "2611"]
[PlyCount "53"]
[EventDate "2006.09.07"]
[EventType "tourn (blitz)"]
[EventRounds "15"]
[EventCountry "ISR"]
[EventCategory "16"]
[Source "ChessBase"]
[SourceDate "2006.11.01"]

1. d4 e6 2. c4 Nf6 3. Nf3 b6 4. Nc3 Bb7 5. e3 Bb4 6. Bd3 Ne4 7. O-O Bxc3 8.
bxc3 f5 9. Ne1 O-O 10. f3 Nf6 11. Qe2 d6 12. e4 fxe4 13. fxe4 e5 14. Bg5 Nbd7
15. Nc2 Qe8 16. Rae1 Qh5 17. Qxh5 Nxh5 18. Ne3 Rxf1+ 19. Kxf1 Nf4 20. Bxf4 exf4
21. Nd5 c5 22. Ne7+ Kh8 23. Nf5 Nf6 24. Nxd6 Ba6 25. e5 Ng4 26. e6 Ne3+ 27.
Rxe3 1-0

[Event "Wch Blitz"]
[Site "Rishon Le Ziyyon"]
[Date "2006.09.07"]
[Round "12"]
[White "Gelfand, Boris"]
[Black "Grischuk, Alexander"]
[Result "0-1"]
[WhiteElo "2729"]
[BlackElo "2709"]
[PlyCount "94"]
[EventDate "2006.09.07"]
[EventType "tourn (blitz)"]
[EventRounds "15"]
[EventCountry "ISR"]
[EventCategory "16"]
[Source "ChessBase"]
[SourceDate "2006.11.01"]

1. d4 Nf6 2. c4 e6 3. Nf3 b6 4. g3 Ba6 5. b3 Bb7 6. Bg2 Bb4+ 7. Bd2 c5 8. O-O
O-O 9. Bxb4 cxb4 10. Qd3 a5 11. Nbd2 d6 12. e4 Nbd7 13. Rfe1 e5 14. Nh4 g6 15.
Nf1 Re8 16. f3 Nf8 17. Bh3 Bc8 18. Bxc8 Rxc8 19. Ne3 Ne6 20. dxe5 dxe5 21. Qxd8
Rcxd8 22. Nd5 Nd7 23. Kf2 Kg7 24. Ng2 Ndc5 25. Red1 Rd6 26. Ne1 Red8 27. Nd3
Nxd3+ 28. Rxd3 Nc5 29. Re3 Rb8 30. a3 bxa3 31. Rxa3 Rb7 32. Ra2 Rc6 33. Nc3 Ne6
34. Nb5 Rd7 35. Ke2 Rc8 36. Rd2 Rxd2+ 37. Kxd2 a4 38. bxa4 Rxc4 39. Ra3 Nc5 40.
Nc3 Rd4+ 41. Kc2 Rc4 42. Kd2 f5 43. exf5 gxf5 44. Ra2 Rd4+ 45. Ke2 Rc4 46. Kd2
e4 47. fxe4 fxe4 0-1

[Event "ESP-chT Honor Gp1"]
[Site "Olite"]
[Date "2006.09.09"]
[Round "4"]
[White "Delchev, Aleksander"]
[Black "Pelletier, Yannick"]
[Result "1/2-1/2"]
[WhiteElo "2637"]
[BlackElo "2583"]
[PlyCount "74"]
[EventDate "2006.09.05"]
[EventType "team"]
[EventRounds "5"]
[EventCountry "ESP"]
[Source "ChessBase"]
[SourceDate "2006.11.01"]

1. d4 Nf6 2. c4 e6 3. Nf3 b6 4. g3 Ba6 5. Nbd2 Bb4 6. Qc2 O-O 7. Bg2 d5 8. O-O
c5 9. dxc5 Bxc5 10. b3 Nbd7 11. Bb2 Rc8 12. Rad1 b5 13. Qb1 bxc4 14. bxc4 Qb6
15. Qa1 dxc4 16. Bc3 Rfd8 17. Ng5 Bf8 18. Nde4 Nxe4 19. Nxe4 f6 20. Rb1 Qc7 21.
Rfc1 Be7 22. Bb4 Nb6 23. Nc3 Bxb4 24. Rxb4 Rd2 25. a4 Rcd8 26. Rb2 Qe5 27. a5
Rxb2 28. Qxb2 Nd5 29. Qd2 Rd6 30. Bxd5 exd5 31. f4 Qe6 32. Qd4 Rd7 33. Rd1 Bb7
34. e4 Qa6 35. Qc5 d4 36. Rxd4 Rxd4 37. Qxd4 Qxa5 1/2-1/2

[Event "RUS-ch 1st League 59th"]
[Site "Tomsk"]
[Date "2006.09.04"]
[Round "2"]
[White "Khalifman, Alexander"]
[Black "Anisimov, Pavel"]
[Result "1-0"]
[WhiteElo "2622"]
[BlackElo "2515"]
[PlyCount "95"]
[EventDate "2006.09.03"]
[EventType "swiss"]
[EventRounds "9"]
[EventCountry "RUS"]
[Source "ChessBase"]
[SourceDate "2006.11.01"]

1. d4 Nf6 2. c4 e6 3. Nf3 b6 4. g3 Ba6 5. b3 Bb4+ 6. Bd2 Be7 7. Bg2 c6 8. Bc3
d5 9. Ne5 Nfd7 10. Nxd7 Nxd7 11. Nd2 O-O 12. O-O Rc8 13. e4 c5 14. exd5 exd5
15. dxc5 dxc4 16. cxb6 Nxb6 17. Re1 cxb3 18. Qxb3 Rxc3 19. Qxc3 Bf6 20. Qa5
Bxa1 21. Rxa1 Nc8 22. Qxa6 Qxd2 23. Rb1 Qd6 24. Bf1 Qc5 25. Rd1 Qc7 26. a4 h6
27. Qc4 Qe7 28. Qc6 Rd8 29. Rxd8+ Qxd8 30. Qa8 Kh7 31. Qb7 f5 32. a5 Ne7 33. a6
Nc8 34. Be2 Qe7 35. Qxc8 Qxe2 36. Qxf5+ Kh8 37. Qc8+ Kh7 38. Qc6 Qd1+ 39. Kg2
Qd4 40. Qe6 Qc5 41. g4 Qd4 42. h4 Qd8 43. Qf5+ Kh8 44. g5 hxg5 45. hxg5 Qd6 46.
g6 Qd5+ 47. Qf3 Qg5+ 48. Qg3 1-0